Statistics for Самые населенные города Орловской области

Click here to take the quiz!

General Stats

  • This quiz has been taken 22 times
  • The average score is 4 of 6

Answer Stats

НаселениеГород% Correct
35 534Мценск
89%
46 779Ливны
79%
10 435Болхов
79%
4 880Дмитровск
63%
3 066Малоархангельск
63%
3 062Новосиль
58%

Score Distribution

Percentile by Number Answered

Percent of People with Each Score

Your Score History

You have not taken this quiz